01490cam a22003734i 4500003000900000005001700009008004100026020001800067020001500085035002000100082002200120100003100142245007000173264004200243300005500285336002100340337002500361338002300386504003900409504003400448505048700482526001000969526001000979526001000989526001000999526000801009526000801017526000801025526000801033526000801041526000801049526000801057630005101065PE-LiUPU20250731173112.0181217s2018 ilu r 001 0 eng  a9780830851683 a0830851682 a(Sirsi) a25125204a222.1206bE922231 aEstelle, Bryan D.,eautor.10aEchoes of Exodus :btracing a biblical motif /cBryan D. Estelle. 1aDowners Grove :bIVP Academic,c2018. a392 páginas :bilustraciones ;c23 centímetros atext2rdacontent aunmediated2rdamedia avolume2rdacarrier aBibliografía: páginas 353-376. aÍndice : páginas 377-392.0 aHermeneutical foundations -- The past is prologue : creation and exodus -- The exodus motif : a paradigm of evocation -- The Psalms and the Exodus motif -- Isaiah's rhapsody -- Exile and post-exile: the second exodus revisited -- Jesus as the new exodus in Mark and Matthew -- The exodus motif in Luke-Acts -- The exodus motif in Paul -- The exodus motif in 1 Peter -- The exodus motif in Revelation: redemption, judgment, and inheritance -- Conclusion -- Appendix: Intertextuality. aSEG42 aSEG41 aSEG40 aSEG39 aP94 aP87 aP86 aP85 aP77 aP76 aP3504aBiblia.pA.T.pÉxodoxEstudios comparativos.